| 000 | 00673nam a22002417a 4500 | ||
|---|---|---|---|
| 003 | OSt | ||
| 005 | 20260416094001.0 | ||
| 008 | 260416b ar ||||| |||| 00| 0 spa d | ||
| 040 | _aHCSPBA | ||
| 041 | _aspa | ||
| 100 | _aAramburo, Mariano | ||
| 245 |
_aFilosofía del derecho. _nTomo 3. |
||
| 260 |
_aNueva York. _c1928. _bInstituto de las Españas en los Estados Unidos. |
||
| 300 | _a3 v. | ||
| 505 | _aIndice | ||
| 505 | _aLibro tercero. Juristecnia | ||
| 505 | _aSección I. El derecho privado | ||
| 505 | _aSección II. El derecho público | ||
| 505 | _aSección III. Derecho internacional | ||
| 650 | _aFILOSOFIA | ||
| 650 | _aDERECHO | ||
| 942 | _cLIB | ||
| 999 |
_c64714 _d134183 |
||